Normal view
MARC view
- Earthquakes
Entry Topical Term
001 - CONTROL NUMBER
- control field: 5559
003 - CONTROL NUMBER IDENTIFIER
- control field: NUST
005 - DATE AND TIME OF LATEST TRANSACTION
- control field: 20171020105142.0
008 - FIXED-LENGTH DATA ELEMENTS
- fixed length control field: 171020|| aca||aabn | a|a d
040 ## - CATALOGING SOURCE
- Original cataloging agency: NUST
- Transcribing agency: NUST
150 ## - HEADING--TOPICAL TERM
- Topical term or geographic name entry element: Earthquakes
- Geographic subdivision: Pakistan
- General subdivision: Psychological aspects.
670 ## - SOURCE DATA FOUND
- Source citation: Work cat.: (NUST)0: Pakistan earthquake 2005, the day the mountains moved :, 2007
